Normal view
MARC view
- FEEDBACK CONTROL SYSTEMS LINEAR SYSTEMS
Entry Topical Term
001 - CONTROL NUMBER
- control field: 67823
003 - CONTROL NUMBER IDENTIFIER
- control field: NUST
005 - DATE AND TIME OF LATEST TRANSACTION
- control field: 20210628203918.0
008 - FIXED-LENGTH DATA ELEMENTS
- fixed length control field: 210628|| aca||aabn | a|a d
040 ## - CATALOGING SOURCE
- Original cataloging agency: NUST
- Transcribing agency: NUST
150 ## - HEADING--TOPICAL TERM
- Topical term or geographic name entry element: FEEDBACK CONTROL SYSTEMS LINEAR SYSTEMS
670 ## - SOURCE DATA FOUND
- Source citation: Work cat.: (NUST): Vincent, Thomas L , Grantham, Walter J 67822, Modern control systems analysis and design, 1993
